Male Celebrities - Statistics

General Stats
  • This quiz has been taken 135 times
  • The average score is 37 of 60
Answer Stats
Picture Answer % Correct
Leonardo DiCaprio
95%
Dwayne Johnson
92%
Johnny Depp
91%
Will Smith
91%
Justin Bieber
87%
Tom Cruise
87%
Brad Pitt
86%
Robert Downey Jr.
85%
Harry Styles
82%
Kanye West
82%
Ryan Reynolds
81%
Drake
80%
Chris Hemsworth
79%
Keanu Reeves
79%
Bruno Mars
78%
Tom Hanks
78%
Eminem
77%
Chris Pratt
74%
Michael B. Jordan
73%
George Clooney
71%
Kevin Hart
70%
Zac Efron
70%
Chris Evans
69%
Benedict Cumberbatch
68%
Matt Damon
68%
Hugh Jackman
67%
Jay-Z
67%
Justin Timberlake
67%
Vin Diesel
67%
Samuel Jackson
66%
Daniel Craig
64%
Morgan Freeman
60%
Jake Gyllenhaal
58%
Shawn Mendes
58%
Denzel Washington
56%
Paul Rudd
56%
Pharrell Williams
55%
Bradley Cooper
54%
Ben Affleck
53%
Idris Elba
52%
Adam Levine
51%
Kendrick Lamar
51%
Charlie Puth
48%
Orlando Bloom
47%
Jared Leto
46%
Tom Hardy
46%
Mark Whahlburg
45%
Matthew McConaughey
45%
Liam Neeson
44%
Jason Statham
43%
Joaquin Phoenix
43%
Ashton Kutcher
42%
Steve Carell
42%
Chris Martin
38%
Paul Walker
38%
Seth Rogen
38%
Eddie Redmayne
37%
Shia LeBeouf
37%
Tom Hiddleston
34%
Dave Franco
25%
No matching quizzes found
Score Distribution
Percent of People with Each Score
Percentile by Number Answered
Your Score History
You have not taken this quiz